Statistics for Countries with Most Motorcycles per Capita

Click here to take the quiz!

General Stats

  • This quiz has been taken 596 times
  • The average score is 13 of 21

Answer Stats

%country% Correct
47India
88%
60China
87%
86Vietnam
79%
14United States
77%
21Japan
75%
87Thailand
75%
85Indonesia
73%
12France
62%
29Brazil
60%
16Germany
60%
83Malaysia
60%
7United Kingdom
60%
43Pakistan
58%
11Mexico
57%
83Cambodia
55%
9Russia
54%
32Philippines
50%
18Bangladesh
49%
9South Korea
48%
28Egypt
30%
7South Africa
28%

Score Distribution

Percentile by Number Answered

Percent of People with Each Score

Your Score History

You have not taken this quiz